000 00364 a2200145 4500
001 151879
040 _cEscola São Tomás de Aquino
100 _aLAGO, Angela
240 1 0 _aChiquita Bacana e as outras pequetitas
_lpor
245 1 0 _aChiquita Bacana e as outras pequetitas
362 0 _a2004
440 1 _aRHJ
697 _a*LITERATURA INFANTIL
942 _cBK
999 _c151879
_d151879